Capital Cities: from Closest to Furthest from Rome, with a Map - Statistics

General Stats
  • This quiz has been taken 446 times
  • The average score is 48 of 198
Answers on the Map
Answers color-coded by a green-red scale on the quiz's map according to % correct below.
 
Answer Stats
D CAPITAL CITY % Correct
4 Vatican City
100%
227 San Marino
98%
464 Monaco
88%
517 Zagreb
79%
488 Ljubljana
78%
561 Podgorica
76%
524 Sarajevo
76%
612 Tirana
72%
598 Tunis
72%
629 Vaduz
65%
687 Valletta
62%
721 Belgrade
60%
691 Bern
59%
809 Budapest
59%
739 Skopje
59%
764 Vienna
59%
909 Andorra la Vella
58%
783 Bratislava
58%
718 Pristina
58%
895 Sofia
58%
922 Prague
57%
995 Algiers
54%
1,050 Athens
54%
990 Luxembourg
54%
1,002 Tripoli
54%
1,108 Paris
53%
1,175 Brussels
52%
1,299 Amsterdam
51%
1,139 Bucharest
51%
1,183 Berlin
50%
1,416 Chisinau
50%
1,532 Copenhagen
50%
1,678 Kiev
50%
1,437 London
50%
1,368 Madrid
50%
1,316 Warsaw
50%
1,723 Ankara
49%
1,868 Lisbon
49%
1,739 Minsk
48%
1,888 Dublin
47%
1,905 Rabat
47%
1,867 Riga
47%
1,703 Vilnius
47%
2,350 Amman
46%
2,199 Beirut
46%
2,131 Cairo
46%
2,284 Damascus
46%
2,203 Helsinki
46%
2,305 Jerusalem
46%
2,379 Moscow
46%
1,959 Nicosia
46%
2,008 Oslo
46%
1,977 Stockholm
46%
2,127 Tallinn
46%
2,951 Baghdad
44%
3,118 Baku
44%
2,670 Tbilisi
44%
2,682 Yerevan
44%
3,468 Kuwait City
37%
3,306 Reykjavik
37%
3,419 Tehran
37%
3,302 Niamey
36%
3,494 Khartoum
34%
3,309 N'Djamena
33%
3,677 Riyadh
33%
3,883 Asmara
30%
4,016 Doha
30%
3,879 Manama
30%
3,776 Nouakchott
30%
3,801 Bamako
29%
3,544 Ouagadougou
29%
3,899 Ashgabat
27%
3,671 Abuja
26%
4,167 Dakar
24%
4,200 Bangui
21%
4,115 Lomé
21%
4,041 Porto-Novo
21%
4,227 Sana'a
21%
4,300 Abu Dhabi
20%
4,217 Accra
20%
4,221 Banjul
20%
4,486 Djibouti
20%
4,213 Yaoundé
19%
4,303 Bissau
18%
4,406 Conakry
16%
4,938 Kabul
16%
4,241 Malabo
16%
4,700 Muscat
16%
4,264 Yamoussoukro
16%
4,458 Addis Ababa
15%
4,509 Astana
15%
4,482 Freetown
15%
4,566 Monrovia
15%
4,566 Praia
15%
4,638 São Tomé
15%
5,126 Kinshasa
14%
4,640 Tashkent
14%
5,119 Brazzaville
13%
4,717 Dushanbe
13%
4,519 Juba
13%
4,606 Libreville
13%
4,993 Bishkek
12%
5,026 Kampala
12%
5,296 Islamabad
11%
5,168 Kigali
11%
5,498 Mogadishu
11%
5,371 Nairobi
11%
6,749 Ottawa
11%
7,237 Washington, D.C.
11%
5,295 Bujumbura
10%
5,822 Dodoma
10%
6,646 Kathmandu
10%
5,926 New Delhi
10%
7,318 Dhaka
9%
6,881 Harare
9%
7,325 Malé
9%
7,011 Thimphu
9%
6,736 Victoria
9%
7,150 Windhoek
9%
7,573 Bridgetown
8%
7,495 Gaborone
8%
6,558 Lilongwe
8%
5,617 Luanda
8%
6,547 Lusaka
8%
6,716 Moroni
8%
7,660 Pretoria
8%
6,999 Ulaanbaatar
8%
7,636 Antananarivo
7%
8,838 Bangkok
7%
7,536 Basseterre
7%
8,026 Bloemfontein
7%
16,213 Canberra
7%
8,462 Cape Town
7%
7,624 Castries
7%
7,627 Colombo
7%
7,909 Georgetown
7%
8,744 Hanoi
7%
7,702 Kingstown
7%
7,791 Maputo
7%
7,791 Mbabane
7%
8,055 Naypyidaw
7%
7,734 Paramaribo
7%
8,796 Pyongyang
7%
7,564 Roseau
7%
7,824 Saint George's
7%
7,475 Saint John's
7%
8,987 Seoul
7%
9,624 Taipei
7%
8,705 Vientiane
7%
18,544 Wellington
7%
8,144 Beijing
6%
9,389 Bogotá
6%
11,132 Buenos Aires
6%
8,363 Caracas
6%
8,714 Havana
6%
8,640 Kingston
6%
9,711 Kuala Lumpur
6%
8,032 Maseru
6%
11,012 Montevideo
6%
8,184 Nassau
6%
9,516 Panama City
6%
8,283 Port Louis
6%
7,905 Port-of-Spain
6%
8,050 Santo Domingo
6%
17,056 Suva
6%
16,867 Apia
5%
10,353 Asunción
5%
8,893 Brasília
5%
12,548 Dili
5%
16,084 Funafuti
5%
15,211 Honiara
5%
10,827 Jakarta
5%
14,172 Majuro
5%
10,403 Manila
5%
11,995 Ngerulmud
5%
13,576 Palikir
5%
9,358 Phnom Penh
5%
8,239 Port-au-Prince
5%
14,321 Port Moresby
5%
16,484 Port Vila
5%
11,894 Santiago
5%
10,027 Singapore
5%
9,876 Tokyo
5%
14,761 Yaren
5%
10,668 Bandar Seri Begawan
4%
10,486 La Paz
4%
10,857 Lima
4%
17,593 Nukuʻalofa
4%
10,114 Quito
4%
10,435 Sucre
4%
14,832 Tarawa
4%
9,645 Belmopan
3%
10,258 Mexico City
3%
9,820 San José
3%
9,761 Tegucigalpa
3%
9,979 Guatemala City
2%
9,831 Managua
2%
9,947 San Salvador
2%
No matching quizzes found
Score Distribution
Percent of People with Each Score
Percentile by Number Answered
Your Score History
You have not taken this quiz